000 01254nam a22002657a 4500
005 20110704145056.0
010 _aB-430925
020 _a9780195649659
_c475.00
020 _a0195649656
_c475.00
035 _aB-430925
037 _aAllied Pub/Ven
082 _a306
245 _aThe Quality of life /
_cedited by Martha Nussbaum and Amartya Sen.
260 _aNew Delhi
_bOxford University Press
_c2007
300 _axi, 453p.
_bill
_c23cm. (pbk)
490 _aWIDER studies in development economics
_929230
500 _aA study prepared for the World Institute for Development Economics Research (WIDER) of the United Nations University."
500 _aPapers presented at a conference sponsored by the World Institute for Development Economics Research.
500 _aIncludes bibliographical references and indexes.
700 _aSen, Amartya,
_d1933-
_929180
700 _aNussbaum, Martha Craven,
_d1947-
_929181
942 _2ddc
_cEN
_h306
_mQUA
999 _c53607
_d53607